000
00298nam a2200121Ia 4500
008
170620s9999 xx 000 0 und d
100
_a
CARTER S J
245
0
_a
DISPESING FOR PHARMACEUTICAL STRU
260
_b
CBS- DELHI
260
_c
2000
300
_a
759
546
_a
English
690
_a
DISPESING FOR PHARMACEUTICAL STRU
999
_c
30956
_d
30956